Diálogo de Mercurio y Carón

Gespeichert in:
Bibliographische Detailangaben
1. Verfasser: Valdés, Alfonso de (VerfasserIn)
Format: Buch
Sprache:Spanisch
Veröffentlicht: Madrid Espasa-Calpe 1947
Schriftenreihe:Clásicos Castellanos, 96
Schlagworte:
Tags: Tag hinzufügen
Keine Tags, Fügen Sie den ersten Tag hinzu!

MARC

LEADER 00000nam a2200000 a 4500
001 UCQ7465
003 CL-VaPUC
008 981113e19470000SP |||||||||||||||||spa|d
082 0 4 |a 865  |b VAL  |2 21 
100 0 |a Valdés, Alfonso de  |e author  |9 378671 
245 1 0 |a Diálogo de Mercurio y Carón 
300 |a v 
942 |c BK 
945 |d 19981113 00:00:00  |a lriquelm 
260 |a Madrid  |b Espasa-Calpe  |c 1947 
650 7 |a DIALOGOS ESPAÑOLES  |2 CL-VaPUC  |9 321486 
650 0 |a Literatura española  |9 306261 
583 |a last modification  |c 19981113 00:00:00  |k Rodrigo Vera 
490 0 |a Clásicos Castellanos, 96 
999 |c 277074  |d 277072 
952 |0 0  |1 0  |4 0  |6 865_000000000000000_VAL_1947  |7 0  |8 A  |9 314797  |a FDOPOS  |b FDOPOS  |d 2019-11-20  |h v.2  |i 2919400  |o 865 VAL 1947  |p 2919400  |r 2023-08-09  |w 2019-11-20  |y BK  |k MLH